000
00335nam a2200133Ia 4500
008
191201s2009 xx 000 0 und d
100
_a
SINHA, P. R. N
245
0
_a
Industrial Relations, Trade Unions and Labour Legislation
250
_a
IMP 5th
260
_a
N. Delhi
_b
Pearson
_c
2009
300
_a
632
650
_a
BBA
942
_2
ddc
_c
BK
999
_c
43
_d
43